| 000 | 00658nam a22001937a 4500 | ||
|---|---|---|---|
| 005 | 20141212123354.0 | ||
| 010 | _aENG-111379 | ||
| 020 |
_a9789351431527 _c345.00 |
||
| 035 | _aEN-94911 | ||
| 037 | _bDBAD/PUB | ||
| 082 | _a174.30954 | ||
| 100 | _aGhosh, Yashomati | ||
| 245 |
_aLegal ethics and the profession of law / _cby Yashomati Ghosh ; foreworded by R. Venkata Rao |
||
| 260 |
_aGurgaon _bLexis Nexis _c2014 |
||
| 270 |
_a14th Floor, Building No.10, Tower-B, DLF Cyber City, Phase-II _bGurgaon _e122002 |
||
| 300 |
_axxii, 348p. _c24cm(pbk) |
||
| 500 | _aIncludes bibliographical references | ||
| 942 |
_2ddc _cEN _mGHO _h174.30954 |
||
| 999 |
_c90304 _d90304 |
||